000
00307nam a2200133 a 4500
001
4351
003
CDMR
005
20130116135255.0
008
130130s2001||||||||||||||||||||||||||||d
040
_a
CDMR
_b
cat
_c
CDMR
245
3
_a
El País de nuestras vidas (1976-2001)
260
_c
2001
_b
El país
942
_c
MON
999
_c
4351
_d
4351